000 00707nam a2200193 a 4500
001 000030064
005 20240409073642.0
008 110428t1945 dr 000 0dspa d
040 _aDO-SdBNP
_bspa
_cBNPHU
082 _aF-RD 28
100 1 _aRodríguez Víctoria, Armando
_956766
245 1 0 _aTrujillo y el principio de unidad nacional /
_cArmando Rodríguez Víctoria.
260 _aCiudad Trujillo, República Dominicana :
_bMontalvo,
_c1945.
300 _a15 p. ;
_c21 cm.
600 1 0 _aTrujillo Molina, Rafael Leónidas,
_d 1891-1961
_976764
651 4 _aRepública Dominicana
_xPolítica Y Gobierno
_yERA DE TRUJILLO, 1930-1961
_91374
910 _aValidado. Control de calidad EMS.
049 _aBNPD
999 _c29556
_d29556